000 01170nam a2200229Ii 4500
003 JO-AjNU
005 20240623125755.0
008 230605s9999||||xx |||||||||||||| ||und||
040 _aJO-AjNU
_bara
_erda
_cJO-AjNU
041 _aara
100 _aأبوسير، علاء غالب خليل
_964799
_eمعد
245 _aالعوامل المحددة لأتعاب التدقيق في ضوء حوكمة الشركات : دراسة ميدانية على الشركات المدرجة في بورصة عمان = Determinants of Audit Fees in the light of Corporate Governance : An Empirical Examination of Companies Listed on the Amman Stock Exchange
_c / اعداد علاء غالب خليل ابوسير؛ اشراف ميشيل سعيد سويدان
260 _c2010
300 _a147 ورقه
336 _atext
_btxt
_2rdacontent
337 _aunmediated
_bn
_2rdamedia
338 _avolume
_bnc
_2rdacarrier
500 _aرساله جامعية (ماجستير) - جامعة اليرموك، 2010
650 _vتدقيق حسابات-حوكمة الشركات-الأردن
700 _aميشيل سعيد سويدان
_964802
_eمشرف
942 _2lcc
_cTHS
999 _c32972
_d32972